Statistics for Downtown areas of major World Cities

Click here to take the quiz!

General Stats

  • This quiz has been taken 71 times
  • The average score is 10 of 15

Answer Stats

Downtown AreasCities% Correct
Midtown ManhattanNew York
98%
La DefénseParis
92%
GangnamSeoul
88%
Nishi-ShinjukuTokyo
88%
Canary WharfLondon
85%
King Abdullah Financial DistrictRiyadh
80%
ParamattaSydney
75%
LoopChicago
71%
Santa FeMexico City
71%
PresnenskyMoscow
63%
BankenviertelFrankfurt
51%
ŞişliIstanbul
48%
Bandra Kurla ComplexMumbai
45%
CentroRio de Janeiro
37%
Victoria IslandLagos
11%

Score Distribution

Percentile by Number Answered

Percent of People with Each Score

Your Score History

You have not taken this quiz